000 00251nam a22001217a 4500
008 170810b xxu||||| |||| 00| 0 eng d
041 _aeng
080 _a004
100 _a35
101 _aSHK
245 _aPRO TOOLS 101
_cCOOK,F.D
942 _2udc
_cBK
999 _c23098
_d23098